| 000 | 00924nam0a22002531 4500 | ||
|---|---|---|---|
| 001 | rc\154843 | ||
| 005 | 20250620211828.0 | ||
| 010 |
_a5-7233-0129-2 _bИзд. центр Рус. ист. о-ва _950000 |
||
| 035 | _a(NLR Aleph) 005422161 | ||
| 090 |
_a7487470 _c7487470 |
||
| 100 | _a20030307d1995 |||y0rusy50 ca | ||
| 101 | 0 | _arus | |
| 102 | _aRU | ||
| 105 | _aa ||||||||| | ||
| 200 | 1 |
_aМатематика _eУчеб. для 6-го кл. сред. шк. _fН.Я. Виленкин, В.И. Жохов, А.С. Чесноков, С.И. Шварцбурд |
|
| 205 | _a3-е изд., испр. и доп. | ||
| 210 |
_aМ. _cФирма "Фарминвест" _cФирма "Рус. слово" _d1995 |
||
| 215 |
_a284, [1] с. _cил. _d21 |
||
| 701 | 1 |
_aВиленкин _bН.Я. _gНаум Яковлевич |
|
| 801 | 0 |
_aRU _bNLR _gpsbo |
|
| 801 | 1 |
_aRU _bELAR _2rusmarc |
|
| 852 |
_aNLR _j95-5/1916 |
||
| 942 | _cBOOK | ||
| 980 | _aNB | ||